| 000 | 00951nam a2200217Ia 4500 | ||
|---|---|---|---|
| 999 |
_c47184 _d47184 |
||
| 001 | 14042 | ||
| 003 | GE_BSU | ||
| 005 | 20200207103828.0 | ||
| 008 | 181216s1989||||ge |||||||||||||| ||geo|| | ||
| 020 | _a505011845 | ||
| 040 | _cGE_BSU | ||
| 041 | _ageo | ||
| 080 | _a821.353.1+37.01 გ-59 | ||
| 100 |
_aგოგებაშვილი, იაკობ _96858 |
||
| 245 |
_aრჩეული თხზულებანი ხუთ ტომად : _bტ. 1 / _cიაკობ გოგებაშვილი ; რედ. კ. მაჭარაშვილი ; შემდგ. კ. მაჭარაშვილი ; ლ. ქაჯაია. |
||
| 264 |
_aთბილისი : _bგანათლება, _c1989 |
||
| 300 |
_a477 გვ. ; _c20 სმ. |
||
| 653 | _aრჩეული თხზულებანი | ||
| 700 |
_aმაჭარაშვილი, კ. _eრედაქტორი _95558 |
||
| 942 |
_cBK _2udc |
||